000 00791nas a2200277 4500
001 BR2017001087
003 BR-BrBNA
005 20231205130915.0
007 ta
008 230509b bl.|||p| |||| 00| 00por d
040 _aBR-BrBNA
_bpor
_cBiblioteca Nacional de Agricultura
041 _a(Pt)
072 _aP36
100 1 _aMomoli, R.S.
100 1 _aCooper, M.
245 1 _aErosão hídrica em solos cultivados e sob mata ciliar
650 _aSOLO
650 _aEROSÃO HÍDRICA
650 _aMATA CILIAR
650 _aSEDIMENTO
650 _aPOROSIDADE
650 _aCERRADO
773 0 _tPesquisa Agropecuária Brasileira (Brazil)
_xISSN 0100-204X
_g(Sep 2016), v. 51(9) p. 1295-1305
_wBR2017001087
909 _a202311
_bLúcia
_c55
_dLúcia Elande
942 _2AGRIS
_n0
_cANA
999 _c251972
_d251972